000 00668nam a2200229 i 4500
001 C2-0325765
003 PPAK
005 20180728123742.0
008 140303s2012 my |||| ||||| | may d
020 _a9789670246246
040 _aPPAK
_beng
_cPPAK
_erda
082 0 4 _a899.23301
_223
090 0 0 _a899.23301
_bOHC
_dG
245 0 0 _aOh! cinta :
_bantologi cerpen dan mini novel
264 1 _aBandar Mahkota Cheras, Selangor :
_bPenerbitan Karyaseni Sdn. Bhd. ,
_c2012
300 _aiv, 530 pages ;
_c18 cm
336 _2rdacontent
_atext
337 _2rdamedia
_aunmediated
338 _2rdacarrier
_avolume
650 1 0 _aShort stories, Malay.
942 _ddc
_cB
999 _c125464
_d125464